100 Artistas Plásticos - Statistics

Estatísticas Gerais
  • Esse quiz foi jogado 6 vezes
  • A pontuação média é 10 de 100
Estatísticas das Respostas
Obra Autor % Correto
Mona Lisa (1503) Leonardo Da Vinci
100%
David (1504) Michelangelo
100%
David de Bronze (1440) Donatello
60%
Guernica (1937) Pablo Picasso
60%
Noite Estrelada (1889) Vincent Van Gogh
60%
Os Retirantes (1944) Cândido Portinari
40%
O Nascimento de Vênus (1486) Sandro Botticelli
40%
Abaporu (1928) Tarsila do Amaral
40%
Doze Profetas (1805) Aleijadinho
20%
Marilyn Diptych (1962) Andy Warhol
20%
A Boba (1916) Anita Malfatti
20%
O Pensador (1880) Auguste Rodin
20%
Impressão, nascer do Sol (1872) Claude Monet
20%
Samba (1925) Di Cavalcanti
20%
Epopeia do Povo Mexicano (1935) Diego Rivera
20%
As Meninas (1656) Diego Velazquez
20%
A Ferrovia (1873) Édouard Manet
20%
O Enterro do Conde de Orgaz (1588) El Greco
20%
A Liberdade Guiando o Povo (1830) Eugène Delacroix
20%
A Coluna Partida (1944) Frida Kahlo
20%
O Êxtase de Santa Tereza (1652) Gian Lorenzo Bernini
20%
O Beijo (1908) Gustave Klimt
20%
Baile no Moulin Rouge (1890) Henri de Toulouse-Lautrec
20%
A Dança (1910) Henri Matisse
20%
O Casal Arnolfini (1434) Jan van Eyck
20%
As Respingadoras (1857) Jean-François Millet
20%
Campo de Concentração (1936) Lasar Segall
20%
Bichos (1965) Lygia Clark
20%
Eu e a Aldeia (1911) Marc Chagall
20%
Baile no Moulin de la Galette (1876) Pierre-Auguste Renoir
20%
Broadway Boogie-Woogie (1943) Piet Mondrian
20%
Ronda Noturna (1642) Rembrandt
20%
Mona Cat (2004) Romero Britto
20%
A Persistência da Memória (1931) Salvador Dalí
20%
Primeira Missa no Brasil (1861) Victor Meirelles
20%
Construção no Espaço nº 127 (1920) Alexander Rodchenko
0%
Vênus de Milo (I a.C) Alexandros de Antióquia
0%
A Dama das Camélias (1896) Alfons Mucha
0%
Efeitos do Bom Governo (1339) Ambrogio Lorenzetti
0%
Teseu e o Minotauro (1783) Antonio Canova
0%
O Triunfo da História sobre o Tempo (1772) Anton Raphael Mengs
0%
Judite Decapitando Holofernes (1610) Artemisa Gentileschi
0%
O Mágico (2001) Beatriz Milhazes
0%
O Juízo Final (1345) Buonamico Buffalmacco
0%
A Captura de Cristo (1602) Caravaggio
0%
Caminhante sobre o Mar de Névoa (1818) Caspar David Friedrich
0%
Inserções em Circuitos Ideológicos: Coca-Cola (1970) Cildo Meireles
0%
Santa Trinita Maestá (1286) Cimabue
0%
A Impossibilidade Física da Morte na Mente de Alguém Vivo (1991) Damien Hirst
0%
A Aula de Dança (1874) Edgar Degas
0%
O Grito (1893) Edvard Munch
0%
Dusasa I (2007) El Anatsui
0%
Vence os Brancos com a Cunha Vermelha (1919) El Lissitsky
0%
O Construtor (1924) Fernand Léger
0%
Atena Partenos (V a.C) Fídias
0%
Desastres da Guerra (1820) Francisco de Goya
0%
O Triunfo de Vênus (1740) François Boucher
0%
A Paisagem Brasileira (1650) Frans Post
0%
Casas de L'Estaque (1908) Georges Braque
0%
Uma Tarde de Domingo na Ilha de Grande Jatte (1886) Georges Seurat
0%
Mistério e Melancolia de uma Rua (1914) Giorgio de Chirico
0%
Vênus Adormecida (1510) Giorgioni
0%
Ognissanti Madonna (1306) Giotto di Bondone
0%
O Ateliê do Artista (1855) Gustave Courbet
0%
A Aparição (1876) Gustave Moreau
0%
Tropicália (1967) Hélio Oiticica
0%
O Jardim das Delícias Terrenas (1505) Hieronymus Bosch
0%
Convergência (1952) Jackson Pollock
0%
O Juramento dos Horácios (1784) Jacques-Louis David
0%
Napoleão I no Trono Imperial (1806) Jean-Auguste Ingres
0%
Retrato de D. João VI (1817) Jean-Baptiste Debret
0%
Ironia do Policial Negro (1981) Jean-Michel Basquiat
0%
Viagem Pitoresca Através do Brasil (1835) Johan Moritz Rugendas
0%
Moça com Brinco de Pérola (1665) Johannes Vermeer
0%
Homenagem a Zapata (1932) José Clemente Orozco
0%
O Carnaval de Arlequim (1924) Juan Miró
0%
A Grande Onda de Kanagawa (1831) Katsushika Hokusai
0%
Quadrado Negro sobre Fundo Branco (1915) Kazimir Malevich
0%
Birsk (1916) Liubov Popova
0%
Porta do Paraíso (1452) Lorenzo Ghiberti
0%
Roda de Bicicleta (1913) Marcel Duchamp
0%
O Elefante Celebes (1921) Max Ernst
0%
Glorificação da Virgem (1812) Mestre Ataíde
0%
Discóbolo (V a.C) Míron
0%
Pirâmide de Caveiras (1901) Paul Cézanne
0%
De onde viemos? O que somos? Para onde vamos? (1898) Paul Gauguin
0%
Castelo e Sol (1928) Paul Klee
0%
Independência ou Morte (1888) Pedro Américo
0%
A Descida da Cruz (1614) Peter Paul Rubens
0%
O Portador da Lança (V a.C) Policleto
0%
A Deposição (1528) Pontormo
0%
A Escola de Atenas (1511) Rafaello Sanzio
0%
A Traição das Imagens (1929) René Magritte
0%
LOVE (1970) Robert Indiana
0%
Assunção da Virgem (1518) Ticiano
0%
Operário e a Mulher Kolkhoziana (1937) Vera Mukhina
0%
Monumento às Bandeiras (1953) Victor Brechelet
0%
Composição VIII (1922) Wassily Kandinsky
0%
O Livro de Jó (1826) William Blake
0%
Abóbora (1990) Yayoi Kusama
0%
Nenhum quiz correspondente encontrado
Distribuição das Pontuações
Porcentagem de Pessoas com Cada Pontuação
Percentil de Números Respondidos
Sua Pontuação Histórica
Você não jogou esse quiz